[Event "CAN-ch"]
[Site "Kitchener CAN"]
[Date "2007.08.01"]
[Round "1"]
[White "Kazmaier, Daniel"]
[Black "Mikanovic, Goran"]
[Result "0-1"]
[WhiteElo "2174"]
[BlackElo "2303"]
[PlyCount "58"]
[GameId "2160767910579992"]
[EventDate "2007.08.01"]
[EventType "swiss"]
[EventRounds "9"]
[EventCountry "CAN"]
[SourceTitle "EXT 2022"]
[Source "ChessBase"]
[SourceDate "2021.10.06"]
[SourceVersion "1"]
[SourceVersionDate "2021.10.06"]
[SourceQuality "1"]

1. f4 c5 2. Nf3 Nc6 3. g3 g6 4. Bg2 Bg7 5. O-O Nf6 6. d3 O-O 7. e4 d6 8. c3 Rb8 9. a4 a6 10. Na3 b5 11. axb5 axb5 12. Nc2 b4 13. Ne3 Ng4 14. Qc2 bxc3 15. bxc3 Nb4 16. cxb4 Bxa1 17. bxc5 dxc5 18. Qxc5 Qxd3 19. Nd5 Bb7 20. Nxe7+ Kh8 21. Ba3 Bxe4 22. Rxa1 Bxf3 23. Bxf3 Qxf3 24. Nc6 Ra8 25. Bb2+ f6 26. Rxa8 Rxa8 27. Bd4 Qd1+ 28. Kg2 Ra2+ 29. Bf2 Rxf2+ 0-1

[Event "CAN-ch"]
[Site "Kitchener CAN"]
[Date "2007.08.01"]
[Round "1"]
[White "Mai, Lloyd"]
[Black "Hua, Lefong"]
[Result "0-1"]
[WhiteElo "2211"]
[BlackElo "2323"]
[PlyCount "86"]
[GameId "2160767910579993"]
[EventDate "2007.08.01"]
[EventType "swiss"]
[EventRounds "9"]
[EventCountry "CAN"]
[SourceTitle "EXT 2022"]
[Source "ChessBase"]
[SourceDate "2021.10.06"]
[SourceVersion "1"]
[SourceVersionDate "2021.10.06"]
[SourceQuality "1"]

1. e4 c5 2. Nf3 e6 3. d3 Nc6 4. g3 d6 5. Bg2 Nf6 6. O-O Be7 7. Re1 O-O 8. c3 Rb8 9. d4 cxd4 10. cxd4 d5 11. e5 Ne4 12. Nc3 Nxc3 13. bxc3 Na5 14. Bf1 Bd7 15. Bd3 Rc8 16. Bd2 Nc4 17. Rb1 b5 18. Kg2 h6 19. h4 Qa5 20. Bxh6 gxh6 21. Ng5 Qxc3 22. Rb3 Qxe1 23. Qxe1 hxg5 24. hxg5 Kg7 25. Qe2 Rh8 26. f4 a5 27. Rb1 b4 28. Rh1 Rxh1 29. Kxh1 a4 30. Kg2 b3 31. axb3 axb3 32. Kf3 b2 33. g4 Rb8 34. Qh2 Rh8 35. Qg2 Bb4 36. f5 Nd2+ 37. Kf4 Bb5 38. f6+ Kg8 39. Bc2 Bf1 40. Qg1 Rh3 41. g6 Rf3+ 42. Kg5 Ne4+ 43. Bxe4 Bd2+ 0-1

[Event "CAN-ch"]
[Site "Kitchener CAN"]
[Date "2007.08.01"]
[Round "1"]
[White "Milicevic, Goran"]
[Black "Henry, Liam"]
[Result "1-0"]
[WhiteElo "2302"]
[BlackElo "2118"]
[PlyCount "109"]
[GameId "2160767910579994"]
[EventDate "2007.08.01"]
[EventType "swiss"]
[EventRounds "9"]
[EventCountry "CAN"]
[SourceTitle "EXT 2022"]
[Source "ChessBase"]
[SourceDate "2021.10.06"]
[SourceVersion "1"]
[SourceVersionDate "2021.10.06"]
[SourceQuality "1"]

1. e4 c5 2. Nf3 d6 3. c3 Nf6 4. Bc4 e6 5. Qe2 Be7 6. Bb3 O-O 7. d4 cxd4 8. cxd4 d5 9. e5 Ne4 10. Nbd2 Nxd2 11. Bxd2 b6 12. Bc2 Ba6 13. Bd3 Bxd3 14. Qxd3 Nc6 15. O-O Rc8 16. a3 Na5 17. Bb4 Qc7 18. h4 h6 19. Kh2 Bxb4 20. axb4 Nc6 21. b5 Na5 22. Rfc1 Qd7 23. g4 Rxc1 24. Rxc1 Rc8 25. Rg1 Qc7 26. g5 hxg5 27. Qe3 f6 28. hxg5 Nc4 29. Qe2 fxe5 30. dxe5 Qf7 31. b3 Qf4+ 32. Rg3 Na3 33. Kg2 Rc2 34. Qd3 Qe4 35. Qxe4 dxe4 36. Nd4 Rc5 37. b4 Rd5 38. Rxa3 Rxd4 39. Rxa7 Kh7 40. Rb7 Kg6 41. Rxb6 Kf5 42. Rb8 Rxb4 43. b6 Kxe5 44. b7 Kd6 45. Kg3 Kc7 46. Rg8 Kxb7 47. Rxg7+ Kc6 48. g6 Kd6 49. Rf7 Rb1 50. Kf4 Rg1 51. g7 e5+ 52. Kf5 Kd5 53. Kf6 Rg2 54. Rd7+ Kc4 55. Rd8 1-0

[Event "CAN-ch"]
[Site "Kitchener CAN"]
[Date "2007.08.01"]
[Round "1"]
[White "Ochkoos, Jura"]
[Black "Urquhart, Eddie"]
[Result "1-0"]
[WhiteElo "2319"]
[BlackElo "2195"]
[PlyCount "65"]
[GameId "2160767910579996"]
[EventDate "2007.08.01"]
[EventType "swiss"]
[EventRounds "9"]
[EventCountry "CAN"]
[SourceTitle "EXT 2022"]
[Source "ChessBase"]
[SourceDate "2021.10.06"]
[SourceVersion "1"]
[SourceVersionDate "2021.10.06"]
[SourceQuality "1"]

1. e4 c5 2. Nf3 e6 3. d4 cxd4 4. Nxd4 a6 5. Bd3 Bc5 6. Nb3 Be7 7. O-O Qc7 8. c4 d6 9. Nc3 Nd7 10. f4 Ngf6 11. Qe2 b6 12. Bd2 Bb7 13. Rae1 h5 14. h3 h4 15. e5 Nh5 16. exd6 Bxd6 17. Nd5 Qd8 18. Bg6 Bxd5 19. Bxh5 Rxh5 20. Qxh5 Bxc4 21. f5 e5 22. Bg5 Qc7 23. Qh8+ Bf8 24. Rf3 f6 25. Bxh4 O-O-O 26. Qh5 Kb8 27. Bf2 Qb7 28. Qg4 Rc8 29. Rc3 Bb5 30. Rxc8+ Qxc8 31. Rc1 Qe8 32. Qe4 Bd6 33. a4 1-0

[Event "CAN-ch"]
[Site "Kitchener CAN"]
[Date "2007.08.01"]
[Round "1"]
[White "Szalay, Karoly"]
[Black "Stevens, Christian"]
[Result "0-1"]
[WhiteElo "2113"]
[BlackElo "2288"]
[PlyCount "96"]
[GameId "2160767910580000"]
[EventDate "2007.08.01"]
[EventType "swiss"]
[EventRounds "9"]
[EventCountry "CAN"]
[SourceTitle "EXT 2022"]
[Source "ChessBase"]
[SourceDate "2021.10.06"]
[SourceVersion "1"]
[SourceVersionDate "2021.10.06"]
[SourceQuality "1"]

1. e4 c5 2. Nf3 e6 3. d4 cxd4 4. Nxd4 a6 5. Nc3 Qc7 6. Bd3 Bc5 7. Nb3 Be7 8. a4 b6 9. Be3 Nc6 10. O-O Nf6 11. f4 d6 12. h3 O-O 13. Qe1 Nd7 14. Qg3 Rb8 15. f5 Bf6 16. h4 Kh8 17. Rf2 Qd8 18. Bg5 Nce5 19. Nd4 h6 20. Bxf6 Nxf6 21. Raf1 Qe7 22. Nce2 Bd7 23. Nf4 Nxd3 24. cxd3 e5 25. Qh3 exf4 26. Rxf4 d5 27. Re1 dxe4 28. dxe4 Qe5 29. Qe3 Rfe8 30. Qf2 h5 31. Qd2 Rbd8 32. Nf3 Qc5+ 33. Kh2 Ng4+ 34. Kg3 Bxa4 35. Qe2 Bb5 36. b4 Qc3 37. Qa2 Bc4 38. Qb1 Qd3 39. Qa1 f6 40. Qb2 Qd6 41. e5 fxe5 42. Rxc4 e4+ 43. Kh3 exf3 44. Rxe8+ Rxe8 45. gxf3 Qd3 46. Rf4 Qf1+ 47. Kg3 Qg1+ 48. Kh3 Nf2+ 0-1

[Event "CAN-ch"]
[Site "Kitchener CAN"]
[Date "2007.08.01"]
[Round "1"]
[White "Zubac, Marius"]
[Black "Livshits, Ron"]
[Result "0-1"]
[WhiteElo "2194"]
[BlackElo "2316"]
[PlyCount "59"]
[GameId "2160767910580002"]
[EventDate "2007.08.01"]
[EventType "swiss"]
[EventRounds "9"]
[EventCountry "CAN"]
[SourceTitle "EXT 2022"]
[Source "ChessBase"]
[SourceDate "2021.10.06"]
[SourceVersion "1"]
[SourceVersionDate "2021.10.06"]
[SourceQuality "1"]

1. d4 Nf6 2. c4 e6 3. Nc3 Bb4 4. f3 d5 5. a3 Bxc3+ 6. bxc3 c5 7. cxd5 Nxd5 8. Qd3 b6 9. e4 Ba6 10. c4 Nf6 11. d5 exd5 12. exd5 O-O 13. Bb2 Nbd7 14. Qc3 Re8+ 15. Kf2 Ne5 16. h3 Nh5 17. g3 Qf6 18. Re1 Qg6 19. g4 Nf4 20. Rd1 Qf6 21. Kg3 Nfg6 22. h4 Qf4+ 23. Kg2 Bxc4 24. h5 Bxf1+ 25. Rxf1 Nf8 26. Re1 Nfd7 27. Re4 Qh6 28. Nh3 Qd6 29. Nf2 f6 30. Rd1 0-1

[Event "CAN-ch"]
[Site "Kitchener CAN"]
[Date "2007.08.01"]
[Round "2"]
[White "Chung, Kevin"]
[Black "Kazmaier, Daniel"]
[Result "1-0"]
[WhiteElo "2217"]
[BlackElo "2174"]
[PlyCount "101"]
[GameId "2160767910580003"]
[EventDate "2007.08.01"]
[EventType "swiss"]
[EventRounds "9"]
[EventCountry "CAN"]
[SourceTitle "EXT 2022"]
[Source "ChessBase"]
[SourceDate "2021.10.06"]
[SourceVersion "1"]
[SourceVersionDate "2021.10.06"]
[SourceQuality "1"]

1. e4 c5 2. Nf3 Nc6 3. d4 cxd4 4. Nxd4 e5 5. Nb5 d6 6. N1c3 a6 7. Na3 Nf6 8. Bg5 b5 9. Nd5 Be7 10. Bxf6 Bxf6 11. c4 b4 12. Nc2 Rb8 13. b3 Bg5 14. Be2 O-O 15. O-O f5 16. exf5 Bxf5 17. Nce3 Bg6 18. Bh5 Qe8 19. Bxg6 Qxg6 20. Qg4 Nd4 21. Kh1 Qh6 22. Rad1 Rf7 23. Rd3 Rbf8 24. Nd1 Bc1 25. Rh3 Qd2 26. Qh4 Qc2 27. Nxb4 Qb1 28. Nc3 Qg6 29. Rxc1 Rxf2 30. Rg1 Rxg2 31. Qe1 Qg4 32. Rxg2 Qxh3 33. Qg3 Qh6 34. Nxa6 Rf1+ 35. Rg1 Rxg1+ 36. Qxg1 Nf3 37. Qg3 Qc1+ 38. Kg2 Ne1+ 39. Kf2 Qd2+ 40. Kf1 Nd3 41. Ne4 Qd1+ 42. Kg2 Qe2+ 43. Nf2 Ne1+ 44. Kh1 Nf3 45. Nh3 Qf1+ 46. Ng1 e4 47. Qg2 Qc1 48. Nb4 Nd2 49. Nd5 Nf3 50. Nf6+ Kf7 51. Nxe4 1-0

[Event "CAN-ch"]
[Site "Kitchener CAN"]
[Date "2007.08.01"]
[Round "2"]
[White "Guo, Joshua"]
[Black "Szalay, Karoly"]
[Result "1/2-1/2"]
[WhiteElo "2214"]
[BlackElo "2113"]
[PlyCount "75"]
[GameId "2160767910580004"]
[EventDate "2007.08.01"]
[EventType "swiss"]
[EventRounds "9"]
[EventCountry "CAN"]

1. e4 e5 2. Nf3 Nc6 3. Bb5 a6 4. Bxc6 dxc6 5. O-O f6 6. d4 exd4 7. Nxd4 c5 8. Nb3 Qxd1 9. Rxd1 Bg4 10. f3 Be6 11. Bf4 c4 12. Na5 Bc5+ 13. Kf1 Bb6 14. b4 cxb3 15. axb3 Rb8 16. Nd2 Bxa5 17. Rxa5 Rc8 18. Rc5 c6 19. Nc4 Bxc4+ 20. Rxc4 Rd8 21. Rxd8+ Kxd8 22. Rd4+ Kc8 23. e5 fxe5 24. Bxe5 Nf6 25. Rf4 Rf8 26. g4 h6 27. h4 Kd7 28. g5 hxg5 29. hxg5 Nh7 30. Rxf8 Nxf8 31. Bxg7 Ne6 32. Bf6 Nf4 33. Kf2 Ke6 34. Ke3 Nd5+ 35. Kd4 Nxf6 36. gxf6 a5 37. c4 b5 38. cxb5 1/2-1/2

[Event "CAN-ch"]
[Site "Kitchener CAN"]
[Date "2007.08.01"]
[Round "2"]
[White "Henry, Liam"]
[Black "Barron, Michael"]
[Result "1/2-1/2"]
[WhiteElo "2118"]
[BlackElo "2228"]
[PlyCount "107"]
[GameId "2160767910580006"]
[EventDate "2007.08.01"]
[EventType "swiss"]
[EventRounds "9"]
[EventCountry "CAN"]
[SourceTitle "EXT 2022"]
[Source "ChessBase"]
[SourceDate "2021.10.06"]
[SourceVersion "1"]
[SourceVersionDate "2021.10.06"]
[SourceQuality "1"]

1. e4 e5 2. Nf3 Nc6 3. Bb5 a6 4. Ba4 Nf6 5. O-O Be7 6. Re1 b5 7. Bb3 O-O 8. a4 Bb7 9. d3 d6 10. Nbd2 Na5 11. Ba2 c5 12. Nf1 Qc7 13. Bg5 h6 14. Bxf6 Bxf6 15. Ne3 g6 16. Bd5 Nc6 17. c3 Ne7 18. Bxb7 Qxb7 19. axb5 axb5 20. Qb3 Rfb8 21. c4 b4 22. Nd5 Kg7 23. Nxe7 Bxe7 24. Nd2 Ra6 25. Nf1 Rba8 26. Rxa6 Qxa6 27. Ne3 Qa4 28. Qxa4 Rxa4 29. Kf1 Ra2 30. Rb1 Bd8 31. Ke1 Kf6 32. Kd1 Ke6 33. Kc2 f5 34. exf5+ gxf5 35. g4 fxg4 36. Nxg4 Bg5 37. Rg1 Ra7 38. Nxh6 Rg7 39. Ng4 Bh4 40. f3 Bf2 41. Rg2 Bd4 42. h4 Rh7 43. Rh2 Rh5 44. Rh3 Kf5 45. b3 Rh8 46. h5 Ra8 47. h6 Ra2+ 48. Kd1 Ra1+ 49. Ke2 Ra2+ 50. Kf1 Kf4 51. h7 Ra1+ 52. Kg2 Ra2+ 53. Kh1 Ra1+ 54. Kg2 1/2-1/2

[Event "CAN-ch"]
[Site "Kitchener CAN"]
[Date "2007.08.01"]
[Round "2"]
[White "Hua, Lefong"]
[Black "Hamilton, Robert"]
[Result "0-1"]
[WhiteElo "2323"]
[BlackElo "2287"]
[PlyCount "122"]
[GameId "2160767910580007"]
[EventDate "2007.08.01"]
[EventType "swiss"]
[EventRounds "9"]
[EventCountry "CAN"]
[SourceTitle "EXT 2022"]
[Source "ChessBase"]
[SourceDate "2021.10.06"]
[SourceVersion "1"]
[SourceVersionDate "2021.10.06"]
[SourceQuality "1"]

1. d4 d5 2. c4 dxc4 3. Nf3 Nf6 4. e3 e6 5. Bxc4 a6 6. Bb3 c5 7. O-O b5 8. a4 c4 9. Bc2 Bb7 10. axb5 axb5 11. Rxa8 Bxa8 12. Nc3 b4 13. Ba4+ Nbd7 14. Nb5 Be7 15. Ne5 O-O 16. Nxc4 Nb6 17. Ne5 Bxg2 18. Kxg2 Qa8+ 19. f3 Nxa4 20. Nc7 Qa5 21. Nc6 Qxc7 22. Qxa4 Bd6 23. Bd2 Qb7 24. Nxb4 Rb8 25. Rc1 h6 26. Nd3 Qd5 27. Qa5 Rb5 28. Qd8+ Kh7 29. h4 Qf5 30. Nf2 Qg6+ 31. Kf1 Bg3 32. b4 Qf5 33. Qa8 Rd5 34. f4 Bxh4 35. Qa2 Bxf2 36. Kxf2 Qg4 37. Qc2+ g6 38. Rh1 Nh5 39. Qd1 Qg3+ 40. Kf1 Rd8 41. Qe2 Ra8 42. Be1 Ra1 43. b5 Rb1 44. b6 Nf6 45. b7 Qg4 46. Qxg4 Nxg4 47. Ke2 Rxb7 48. Bc3 Nf6 49. Kf3 Rb3 50. Rc1 Nd5 51. Bd2 g5 52. fxg5 hxg5 53. Ke2 Kg6 54. Rg1 f6 55. e4 Nc3+ 56. Kd3 Nb1+ 57. Kc2 Nxd2 58. Kxd2 f5 59. exf5+ exf5 60. Ke2 f4 61. d5 Re3+ 0-1

[Event "CAN-ch"]
[Site "Kitchener CAN"]
[Date "2007.08.01"]
[Round "2"]
[White "Livshits, Ron"]
[Black "Bailey, Doug"]
[Result "1-0"]
[WhiteElo "2316"]
[BlackElo "2274"]
[PlyCount "79"]
[GameId "2160767910580009"]
[EventDate "2007.08.01"]
[EventType "swiss"]
[EventRounds "9"]
[EventCountry "CAN"]
[SourceTitle "EXT 2022"]
[Source "ChessBase"]
[SourceDate "2021.10.06"]
[SourceVersion "1"]
[SourceVersionDate "2021.10.06"]
[SourceQuality "1"]

1. d4 Nf6 2. c4 g6 3. Nc3 d5 4. Bf4 Bg7 5. Rc1 O-O 6. e3 c5 7. dxc5 Be6 8. Nge2 Nc6 9. cxd5 Bxd5 10. Bg5 e6 11. Ng3 Qa5 12. a3 Rad8 13. Qa4 Qxc5 14. Qh4 Nd7 15. Bxd8 Rxd8 16. Nge4 Qb6 17. b4 h6 18. Be2 g5 19. Qg3 f5 20. Nxd5 exd5 21. Nd2 Nde5 22. O-O d4 23. Nc4 Qc7 24. b5 d3 25. Bd1 f4 26. exf4 gxf4 27. Qxf4 Rd4 28. Qg3 Na5 29. b6 Qc5 30. bxa7 Rd8 31. Nxe5 Qxc1 32. Bb3+ Nxb3 33. Rxc1 Nxc1 34. Qh4 Rc8 35. Qc4+ Rxc4 36. a8=Q+ Kh7 37. Nxc4 b5 38. Qe4+ Kh8 39. Qe8+ Kh7 40. Qxb5 1-0

[Event "CAN-ch"]
[Site "Kitchener CAN"]
[Date "2007.08.01"]
[Round "2"]
[White "Mayo, Alvah"]
[Black "Mai, Lloyd"]
[Result "0-1"]
[WhiteElo "2110"]
[BlackElo "2211"]
[PlyCount "45"]
[GameId "2160767910580010"]
[EventDate "2007.08.01"]
[EventType "swiss"]
[EventRounds "9"]
[EventCountry "CAN"]
[SourceTitle "EXT 2022"]
[Source "ChessBase"]
[SourceDate "2021.10.06"]
[SourceVersion "1"]
[SourceVersionDate "2021.10.06"]
[SourceQuality "1"]

1. Nf3 g6 2. c4 Bg7 3. Nc3 d6 4. g3 e5 5. d4 Nd7 6. e4 Ngf6 7. dxe5 dxe5 8. Bg5 O-O 9. Bh3 Nc5 10. Qxd8 Rxd8 11. Bxc8 Rdxc8 12. Bxf6 Bxf6 13. O-O-O Rd8 14. Kc2 c6 15. b4 Ne6 16. Ne2 a5 17. Rxd8+ Bxd8 18. b5 cxb5 19. cxb5 Rc8+ 20. Kd3 Nc5+ 21. Ke3 Bb6 22. Rf1 Rd8 23. Ne1 0-1

[Event "CAN-ch"]
[Site "Kitchener CAN"]
[Date "2007.08.01"]
[Round "2"]
[White "Mikanovic, Goran"]
[Black "Inigo, Aquino"]
[Result "1/2-1/2"]
[WhiteElo "2303"]
[BlackElo "1852"]
[PlyCount "185"]
[GameId "2160767910580011"]
[EventDate "2007.08.01"]
[EventType "swiss"]
[EventRounds "9"]
[EventCountry "CAN"]
[SourceTitle "EXT 2022"]
[Source "ChessBase"]
[SourceDate "2021.10.06"]
[SourceVersion "1"]
[SourceVersionDate "2021.10.06"]
[SourceQuality "1"]

1. d4 d5 2. c4 e6 3. Nf3 Nf6 4. Nc3 Be7 5. Bg5 O-O 6. e3 h6 7. Bh4 b6 8. Be2 Bb7 9. Bxf6 Bxf6 10. cxd5 exd5 11. O-O c5 12. dxc5 bxc5 13. Qb3 Bc6 14. Rfd1 c4 15. Qc2 Bxc3 16. Qxc3 Qe7 17. Nd4 Bb7 18. Bf3 Rd8 19. Ne2 Na6 20. Nf4 Nc7 21. b3 cxb3 22. Qxb3 Rab8 23. Qa4 a6 24. Rac1 Ne6 25. Nxd5 Qg5 26. h4 Qe5 27. Ne7+ Kf8 28. Qa3 Rxd1+ 29. Bxd1 Nc5 30. Qxc5 Qxe7 31. Bb3 Qxc5 32. Rxc5 Rc8 33. Rxc8+ Bxc8 34. f3 Ke7 35. Kf2 f6 36. e4 Kd6 37. Ke3 Kc5 38. a3 Bd7 39. f4 Bc6 40. g3 a5 41. Kd3 Bb5+ 42. Kc3 Be8 43. e5 fxe5 44. fxe5 g5 45. hxg5 hxg5 46. Bg8 Bh5 47. Be6 Be8 48. Kd3 Bg6+ 49. Ke3 Be8 50. Bb3 Bh5 51. Be6 Be8 52. Bb3 Bh5 53. Kd3 Bg6+ 54. Kc3 Be8 55. Be6 Bh5 56. Bc4 Be8 57. e6 Kd6 58. Kd4 Bc6 59. Bb3 Bf3 60. e7 Kxe7 61. Ke5 Bg4 62. Bc2 Bc8 63. Bf5 Ba6 64. Be6 Bd3 65. Bc8 Bc2 66. Bf5 Bd1 67. Bh3 Bc2 68. Bg2 Bh7 69. Bd5 Bg6 70. g4 Bh7 71. Bc4 Bg6 72. Bb3 Bd3 73. Ba2 Bc2 74. Bd5 Bh7 75. Be4 Bg8 76. Bg6 Be6 77. Bf5 Bb3 78. Bc8 Bc2 79. Kd5 Kf6 80. Kd6 Bd1 81. Bd7 Bc2 82. Be6 Bd1 83. Bd7 Bc2 84. Kc5 Ke5 85. a4 Kf4 86. Kb5 Bd1 87. Kxa5 Bxg4 88. Bxg4 Kxg4 89. Kb5 Kh3 90. a5 g4 91. a6 g3 92. a7 g2 93. a8=Q 1/2-1/2

[Event "CAN-ch"]
[Site "Kitchener CAN"]
[Date "2007.08.01"]
[Round "2"]
[White "Urquhart, Eddie"]
[Black "Sundar, Avinaash"]
[Result "1-0"]
[WhiteElo "2195"]
[BlackElo "2086"]
[PlyCount "121"]
[GameId "2160767910580015"]
[EventDate "2007.08.01"]
[EventType "swiss"]
[EventRounds "9"]
[EventCountry "CAN"]

1. e4 c5 2. Nc3 Nc6 3. f4 g6 4. Nf3 Bg7 5. Bb5 Nd4 6. O-O e6 7. Bd3 Ne7 8. Nxd4 cxd4 9. Nb5 d6 10. c3 Qb6 11. Kh1 dxc3 12. dxc3 O-O 13. Qe2 a6 14. Be3 Qd8 15. Nd4 e5 16. fxe5 dxe5 17. Nb3 f5 18. Rad1 Qc7 19. Bc5 f4 20. Bd6 Qd8 21. Bxe5 Qe8 22. Bxf4 Nc6 23. Bd6 Rxf1+ 24. Rxf1 Ne5 25. Bxe5 Qxe5 26. Bc4+ Be6 27. Bxe6+ Qxe6 28. Qd3 Qb6 29. Qe2 Re8 30. g3 Qc6 31. Re1 Rd8 32. Nd2 b5 33. Nf3 Bf6 34. Kg2 g5 35. g4 h5 36. h3 h4 37. e5 Bg7 38. Qe4 Qe6 39. Re2 Qe7 40. Nd4 Re8 41. Qd5+ Kh8 42. Nf5 Qc7 43. Nxg7 Kxg7 44. Qe4 Rf8 45. Rf2 Rxf2+ 46. Kxf2 Qf7+ 47. Qf5 Qxa2 48. Qxg5+ Kf7 49. Qf4+ Kg8 50. Qg5+ Kf7 51. Qf6+ Kg8 52. Qg6+ Kf8 53. Qf6+ Kg8 54. Qg5+ Kf7 55. Qd2 Kg8 56. Ke3 Qa1 57. Kf4 Qf1+ 58. Kg5 Qxh3 59. Qd8+ Kg7 60. Qd7+ Kf8 61. Kg6 1-0

[Event "CAN-ch"]
[Site "Kitchener CAN"]
[Date "2007.08.02"]
[Round "3"]
[White "Bailey, Doug"]
[Black "Urquhart, Eddie"]
[Result "0-1"]
[WhiteElo "2274"]
[BlackElo "2195"]
[PlyCount "96"]
[GameId "2160767910580016"]
[EventDate "2007.08.01"]
[EventType "swiss"]
[EventRounds "9"]
[EventCountry "CAN"]
[SourceTitle "EXT 2022"]
[Source "ChessBase"]
[SourceDate "2021.10.06"]
[SourceVersion "1"]
[SourceVersionDate "2021.10.06"]
[SourceQuality "1"]

1. e4 c6 2. d4 d5 3. Nc3 dxe4 4. Nxe4 Nd7 5. Nf3 Ngf6 6. Ng3 e6 7. Bd3 c5 8. O-O Be7 9. c4 cxd4 10. Nxd4 O-O 11. b3 Qc7 12. Bb2 b6 13. Nb5 Qb8 14. Nh5 Rd8 15. Re1 Bb7 16. Nxg7 Kxg7 17. Qg4+ Kf8 18. Qg5 a6 19. Nd4 Qd6 20. Rad1 Qc5 21. Bf5 e5 22. Qh6+ Ke8 23. Nc2 Qc6 24. Ne3 Nf8 25. Rxd8+ Kxd8 26. Rd1+ Ke8 27. Bxe5 N6d7 28. Bd6 Rd8 29. Rd5 Nc5 30. Bc8 Rxd6 31. Bxb7 Rxh6 32. Bxc6+ Rxc6 33. Nf5 Ng6 34. g3 Ne4 35. Rd4 Nc3 36. Kg2 Nxa2 37. h4 Rc5 38. Ne3 Nb4 39. Kh3 Re5 40. Ng4 Re1 41. f4 h5 42. Nh6 Bc5 43. Rd2 Re3 44. Kg2 Rxb3 45. Nf5 Nd3 46. Rd1 Ndxf4+ 47. gxf4 Nxf4+ 48. Kf1 Rf3+ 0-1

[Event "CAN-ch"]
[Site "Kitchener CAN"]
[Date "2007.08.02"]
[Round "3"]
[White "Barron, Michael"]
[Black "Jung, Hans"]
[Result "1-0"]
[WhiteElo "2228"]
[BlackElo "2185"]
[PlyCount "67"]
[GameId "2160767910580017"]
[EventDate "2007.08.01"]
[EventType "swiss"]
[EventRounds "9"]
[EventCountry "CAN"]
[SourceTitle "EXT 2022"]
[Source "ChessBase"]
[SourceDate "2021.10.06"]
[SourceVersion "1"]
[SourceVersionDate "2021.10.06"]
[SourceQuality "1"]

1. e4 d6 2. d4 e5 3. Nf3 exd4 4. Nxd4 Nf6 5. Nc3 Be7 6. Bb5+ c6 7. Be2 b5 8. a3 a6 9. Bf3 Nfd7 10. Nf5 O-O 11. Nxd6 Ne5 12. Nxc8 Qxd1+ 13. Bxd1 Rxc8 14. f4 Nc4 15. b3 b4 16. Na4 Nd6 17. e5 Re8 18. axb4 Nb5 19. Nc5 Bxc5 20. bxc5 f6 21. Bb2 fxe5 22. fxe5 Nd7 23. Bh5 Re7 24. O-O-O g6 25. Bf3 Nxe5 26. Rhe1 Rae8 27. Rxe5 Rxe5 28. Bxc6 R8e7 29. Bxe5 Rxe5 30. Bxb5 axb5 31. b4 Kf7 32. Rd7+ Ke6 33. Rxh7 Re4 34. c3 1-0

[Event "CAN-ch"]
[Site "Kitchener CAN"]
[Date "2007.08.02"]
[Round "3"]
[White "Gentes, Kevin"]
[Black "Chung, Kevin"]
[Result "1-0"]
[WhiteElo "2307"]
[BlackElo "2217"]
[PlyCount "112"]
[GameId "2160767910580018"]
[EventDate "2007.08.01"]
[EventType "swiss"]
[EventRounds "9"]
[EventCountry "CAN"]
[SourceTitle "EXT 2022"]
[Source "ChessBase"]
[SourceDate "2021.10.06"]
[SourceVersion "1"]
[SourceVersionDate "2021.10.06"]
[SourceQuality "1"]

1. c4 e6 2. Nf3 Nf6 3. g3 Be7 4. Bg2 O-O 5. O-O d5 6. b3 b6 7. Bb2 Bb7 8. e3 dxc4 9. bxc4 c5 10. Nc3 Nc6 11. Qe2 Rc8 12. Rfd1 Qc7 13. Rac1 Rfd8 14. d4 cxd4 15. exd4 Ba6 16. Nb5 Qb8 17. Bh3 Bxb5 18. cxb5 Nb4 19. Bxe6 Rxc1 20. Rxc1 Qd6 21. Bb3 Nbd5 22. Rc6 Qd7 23. Ne5 Qf5 24. Bc2 Qg5 25. h4 Qh5 26. Qxh5 Nxh5 27. Bb3 Nhf6 28. Rc1 Bd6 29. Nc6 Rd7 30. a4 g6 31. Ne5 Rd8 32. Kg2 Rb8 33. Kf3 h5 34. Rc6 Rd8 35. Bc1 Bxe5 36. dxe5 Ng4 37. Bb2 Nb4 38. Rxg6+ Kf8 39. Rd6 Rxd6 40. exd6 Nd3 41. Ba3 Ke8 42. Ke2 Nde5 43. f3 Nh6 44. Ke3 Ng6 45. Ke4 Kd7 46. Bd5 f5+ 47. Kd4 f4 48. Bc6+ Kd8 49. gxf4 Nxh4 50. f5 N4xf5+ 51. Ke5 h4 52. Bc1 Kc8 53. Bg5 Nxd6 54. Kxd6 Nf7+ 55. Ke7 Nxg5 56. f4 Nh3 1-0

[Event "CAN-ch"]
[Site "Kitchener CAN"]
[Date "2007.08.02"]
[Round "3"]
[White "Henry, Liam"]
[Black "Guo, Joshua"]
[Result "0-1"]
[WhiteElo "2118"]
[BlackElo "2214"]
[PlyCount "60"]
[GameId "2160767910580021"]
[EventDate "2007.08.01"]
[EventType "swiss"]
[EventRounds "9"]
[EventCountry "CAN"]

1. e4 c5 2. Nf3 d6 3. d4 cxd4 4. Nxd4 Nf6 5. Nc3 a6 6. Bc4 e6 7. Bb3 Nbd7 8. f4 Nc5 9. O-O Be7 10. e5 dxe5 11. fxe5 Nxb3 12. axb3 Bc5 13. Be3 Nd5 14. Bf2 Nxc3 15. bxc3 Qc7 16. Qe2 O-O 17. Rae1 Bd7 18. Qh5 f5 19. exf6 Rxf6 20. Nxe6 Bxf2+ 21. Rxf2 Qxc3 22. Rfe2 Bxe6 23. Rxe6 Rxe6 24. Rxe6 Qd4+ 25. Kf1 Rf8+ 26. Ke1 Qc3+ 27. Ke2 Qxc2+ 28. Ke1 Qf2+ 29. Kd1 Rd8+ 30. Kc1 Rc8+ 0-1

[Event "CAN-ch"]
[Site "Kitchener CAN"]
[Date "2007.08.02"]
[Round "3"]
[White "Inigo, Aquino"]
[Black "Stevens, Christian"]
[Result "0-1"]
[WhiteElo "1852"]
[BlackElo "2288"]
[PlyCount "92"]
[GameId "2160767910580022"]
[EventDate "2007.08.01"]
[EventType "swiss"]
[EventRounds "9"]
[EventCountry "CAN"]
[SourceTitle "EXT 2022"]
[Source "ChessBase"]
[SourceDate "2021.10.06"]
[SourceVersion "1"]
[SourceVersionDate "2021.10.06"]
[SourceQuality "1"]

1. d4 Nf6 2. c4 e6 3. Nf3 c5 4. e3 cxd4 5. Nxd4 a6 6. Be2 Qc7 7. Nc3 b6 8. Bf3 Bb7 9. Bxb7 Qxb7 10. Qf3 Ra7 11. Qxb7 Rxb7 12. Bd2 Be7 13. Ke2 O-O 14. Kf3 Rc8 15. b3 Nc6 16. Nxc6 Rxc6 17. Ne4 Ne8 18. a3 f5 19. Nc3 b5 20. cxb5 axb5 21. a4 bxa4 22. bxa4 Bf6 23. Ra3 Nd6 24. Rb1 Rxc3 25. Rxb7 Rxa3 26. Rb8+ Kf7 27. Bb4 Rd3 28. a5 Bc3 29. a6 Bxb4 30. a7 Ra3 31. a8=Q Rxa8 32. Rxa8 Ne4 33. Ke2 d5 34. Rb8 Bf8 35. Rb7+ Kf6 36. f4 Be7 37. g3 Nd6 38. Rc7 Nc4 39. h3 Bd8 40. Rc6 Bb6 41. g4 Bxe3 42. Kf3 g5 43. fxg5+ Bxg5 44. Rc7 fxg4+ 45. Kxg4 h6 46. h4 Bd2 0-1

[Event "CAN-ch"]
[Site "Kitchener CAN"]
[Date "2007.08.02"]
[Round "3"]
[White "Milicevic, Goran"]
[Black "Mai, Lloyd"]
[Result "1/2-1/2"]
[WhiteElo "2302"]
[BlackElo "2211"]
[PlyCount "110"]
[GameId "2160767910580024"]
[EventDate "2007.08.01"]
[EventType "swiss"]
[EventRounds "9"]
[EventCountry "CAN"]
[SourceTitle "EXT 2022"]
[Source "ChessBase"]
[SourceDate "2021.10.06"]
[SourceVersion "1"]
[SourceVersionDate "2021.10.06"]
[SourceQuality "1"]

1. e4 c5 2. Nf3 d6 3. d4 cxd4 4. Nxd4 Nf6 5. Nc3 g6 6. Be3 Bg7 7. f3 O-O 8. Qd2 Nc6 9. O-O-O d5 10. exd5 Nxd5 11. Nxc6 bxc6 12. Bd4 Nxc3 13. Qxc3 Bh6+ 14. Be3 Bxe3+ 15. Qxe3 Qb6 16. Qxe7 Be6 17. Qa3 Qf2 18. h4 Rad8 19. Bd3 Qxg2 20. Rdf1 Qg3 21. h5 Qf4+ 22. Kb1 g5 23. h6 Qd4 24. Qe7 Kh8 25. Qxg5 Rg8 26. Qh4 Qxh4 27. Rxh4 Rg3 28. b3 Kg8 29. Rhh1 f5 30. Rhg1 Rg6 31. Kb2 Kf7 32. Rh1 Kf6 33. Kc3 c5 34. Bc4 Bxc4 35. Kxc4 Rg2 36. c3 Rxa2 37. Ra1 Rxa1 38. Rxa1 Kg5 39. Rxa7 Kxh6 40. Kxc5 Rd3 41. Kc4 Rxf3 42. b4 Rf1 43. b5 f4 44. Ra2 Rb1 45. Kc5 Kg5 46. Rg2+ Kh4 47. Rh2+ Kg3 48. Rxh7 f3 49. Rf7 f2 50. b6 f1=Q 51. Rxf1 Rxf1 52. c4 Kf4 53. Kd5 Rd1+ 54. Kc6 Ke5 55. b7 Rb1 1/2-1/2